Bureau de l'Assemblée Nationale (2025) - Statistiques

Statistiques générales
  • Ce quiz a été pris 63 fois
    21 depuis la dernière actualisation
  • Le résultat moyen est 5 sur 22
Réponses sur la Carte
Les réponses sont colorées sur une échelle allant du rouge au vert en fonction du pourcentage des utilisateurs qui les ont devinées à leur premier essai. Vous pouvez retrouver ces pourcentages ci-dessous.
 
Statistiques - réponses
Réponse % Correct
Yaël Braun-Pivet
88%
2e Vice-Présidente Clémence Guetté
82%
5e Vice-Président Sébastien Chenu
82%
1re Vice-Présidente Nadège Abomangoli
65%
6e Vice-Président Hélène Laporte
35%
3e Questeure Michèle Tabarot
35%
1re Questeure Christine Pirès-Beaune
29%
2e Questeure Brigitte Klinkert
24%
1er Secrétaire Xavier Breton
18%
2e Secrétaire Blandine Brocard
12%
3e Vice-Présidente Christophe Blanchet
12%
11e Secrétaire Bertrand Sorre
6%
12e Secrétaire David Taupiac
6%
3e Secrétaire Gaëtan Dussausaye
6%
4e Secrétaire Iñaki Echaniz
6%
4e Vice-Président Marie-Agnès Poussier-Winsback
6%
5e Secrétaire Marine Hamelet
6%
7e Secrétaire Maxime Michelet
6%
9e Secrétaire Mereana Reid Arbelot
6%
6e Secrétaire Pierre Henriet
6%
10e Secrétaire Sabrina Sebaihi
6%
8e Secrétaire Sébastien Peytavie
6%
Aucun quiz correspondant
Distribution des résultats
% des personnes avec chaque résultat
Percentile par nombre de réponses
Votre historique - résultats
Vous n’avez pas pris ce quiz depuis la dernière actualisation